Ennemis de Fallout 4 (Non DLC) - Statistiques

Statistiques générales
  • Ce quiz a été pris 66 fois
  • Le résultat moyen est 12 sur 113
Statistiques - réponses
Hint Réponse % Correct
Humain Pillard
74%
Super mutant Super mutant
44%
Ecorcheur Ecorcheur
38%
Goule Goule sauvage
38%
Goule Luminescent
38%
Cafard Radcafard
36%
Scorpion Radscorpion
36%
Taupe Rataupe
34%
Vache Brahmine
32%
Mouche Mouche bouffie
32%
Crabe Fangeux
28%
Cerf Radcerf
28%
Tique Tique
26%
Super mutant Béhémot
24%
Crabe Reine des fangeux
24%
Crabe Roi des fangeux
20%
Par de la les étoiles Alien
18%
Crabe Fangeux à carapace molle
18%
Super mutant Kamikaze super mutant
18%
Taupe Rataupe luminescent
18%
Ours Yao guai
18%
Ecorcheur Ecorcheur albinos
16%
Cafard Radcafard luminescent
16%
Tique Larve de tique
14%
Cerf Radbiche
14%
Scorpion Radscorpion luminescent
14%
Chien Cabot errant
12%
Taupe Mère de couvée rataupe
12%
Chien Molosse mutant
12%
Super mutant Seigneur super mutant
12%
Ecorcheur Ecorcheur luminescent
10%
Crabe Fangeux chasseur
10%
Crabe Fangeux luminescent
10%
Singe Gorille
10%
Super mutant Maitre super mutant
10%
Mouche Mouche bouffie noir
10%
Humain Pillard crasseux
10%
Cerf Radcerf luminescent
10%
Scorpion Radscorpion albinos
10%
Taupe Rataupe enragé
10%
Ours Yao guai chétif
10%
Ours Yao guai luminescent
10%
Guêpe Darillon
8%
Crabe Fangeux trancheur
8%
Goule Goule sauvage desséchée
8%
Goule Goule sauvage dévoreuse
8%
Goule Goule sauvage errante
8%
Goule Goule sauvage traqueuse
8%
Crabe Jeune fangeux
8%
Goule Luminescent bouffi
8%
Goule Luminescent putride
8%
Cerf Radcerf albinos
8%
Scorpion Radscorpion chasseur
8%
Crabe Roi des fangeux luminescent
8%
Tique Tique veuve rouge
8%
Vache Brahmine de bât
6%
Chien Cabot féroce
6%
Ecorcheur Ecorcheur dominant
6%
Crabe Fangeux chasseur albinos
6%
Crabe Fangeux chasseur luminescent
6%
Crabe Fangeux faucheur
6%
Super mutant Frappeur super mutant
6%
Goule goule sauvage carbonisée
6%
Mouche Mouche bouffie luminescente
6%
Super mutant Primat super mutant
6%
Super mutant Seigneur de guerre super mutant
6%
Chien Cabot enragé
4%
Chien Cabot luminescent
4%
Chien Cabot sauvage
4%
Chien Cabot sauvage dominant
4%
Chat Chat domestique
4%
Oiseau Corbeau
4%
Guêpe Darillon luminescent
4%
Ecorcheur Ecorcheur caméléon
4%
Goule Goule sauvage gangrénée
4%
Super mutant Massacreur super mutant
4%
Chien Molosse mutant luminescent
4%
Mouche Mouche bouffie purulente
4%
Cerf Radfaon
4%
Scorpion Radscorpion mortuaire
4%
Scorpion Radscorpion traqueur
4%
Taupe Rataupe suicidaire
4%
Tique Tique infectée
4%
Tique Tique vampirique
4%
Ours Yao guai albinos
4%
Super mutant Béhémot ancien
2%
Super mutant Béhémot épique
2%
Chien Cabot albinos
2%
Chien Cabot albinos dominant
2%
Chien Cabot enragé dominant
2%
Chien Cabot errant dominant
2%
Chien Cabot féroce dominant
2%
Chien Cabot luminescent dominant
2%
Chien Chien d'attaque
2%
Guêpe Darillon chasseur
2%
Guêpe Darillon fonceur
2%
Guêpe Darillon planeur
2%
Ecorcheur Ecorcheur mythique
2%
Ecorcheur Ecorcheur sauvage
2%
Super mutant Escarmoucheur super mutant
2%
Super mutant Exécuteur super mutant
2%
Goule Goule sauvage putréfiée
2%
Ecorcheur Grande écorcheuse
2%
Humain Pillard sanglant
2%
Humain Pillard vétérans
2%
Oiseau Radgoéland
2%
Scorpion Radscorpion prédateur
2%
Taupe Rataupe de laboratoire de l'abris 81
2%
Ours Yao guai enragé
2%
Ours Yao guai hirsute
2%
Ours Yao guai sombre
2%
Super mutant Béhémot luminescent
0%
Cerf Radcerf enrager
0%
Aucun quiz correspondant
Distribution des résultats
% des personnes avec chaque résultat
Percentile par nombre de réponses
Votre historique - résultats
Vous n’avez pas pris ce quiz